Eliodoro Puche: análisis e interpretación (Record no. 183024)
[ view plain ]
| 000 -LEADER | |
|---|---|
| campo de control de longitud fija | 00973nam a2200229 i 4500 |
| 001 - NÚMERO DE CONTROL | |
| campo de control | 183024 |
| 003 - IDENTIFICADOR DE NÚMERO DE CONTROL | |
| campo de control | ES-MaACL |
| 005 - FECHA Y HORA DE LA ÚLTIMA TRANSACCIÓN | |
| campo de control | 20250905143720.0 |
| 008 - DATOS DE LONGITUD FIJA--INFORMACIÓN GENERAL | |
| campo de control de longitud fija | 140113s2012 sp |||| | spa d |
| 020 ## - NÚMERO INTERNACIONAL ESTÁNDAR DEL LIBRO | |
| Número Internacional Estándar del Libro | 978-84-695-4051-0 |
| 111 2# - ENTRADA PRINCIPAL--NOMBRE DE CONGRESO/REUNIÓN | |
| Nombre de congreso/reunión o jurisdicción como elemento de entrada | Jornadas de Información y Estudio sobre el poeta Eliodoro Puche ( |
| Número del congreso/reunión o número de parte o sección | 3ª. |
| Fecha del congreso o de la firma del tratado | 2011. |
| Sede del congreso/Lugar de la reunión | Lorca) |
| 9 (RLIN) | 154139 |
| 245 10 - MENCIÓN DEL TÍTULO | |
| Título | Eliodoro Puche: análisis e interpretación |
| Resto del título | : Actas de Ias III Jornadas de Información y Estudio sobre el poeta Eliodoro Puche (Lorca, 23-24 marzo de 2011) / |
| Mención de responsabilidad, etc. | José Luis Molina Martínez (ed.). |
| 260 ## - PUBLICACIÓN, DISTRIBUCIÓN, ETC. | |
| Lugar de publicación, distribución, etc. | [Murcia : |
| Nombre del editor, distribuidor, etc. | Asociación Amigos de la Cultura, |
| Fecha de publicación, distribución, etc. | 2012] |
| 300 ## - DESCRIPCIÓN FÍSICA | |
| Extensión | 110 p. : |
| Otras características físicas | il. ; |
| Dimensiones | 22 cm. |
| 490 1# - MENCIÓN DE SERIE | |
| Mención de serie | Hojas de la quimera |
| 600 14 - PUNTO DE ACCESO ADICIONAL DE MATERIA--NOMBRE DE PERSONA | |
| Nombre de persona | Puche, Eliodoro, |
| Fechas asociadas al nombre | 1885-1964 |
| 9 (RLIN) | 94116 |
| 700 0# - ENTRADA AGREGADA--NOMBRE PERSONAL | |
| Nombre de persona | Molina Martínez, José Luis. |
| 9 (RLIN) | 81949 |
| 830 0# - PUNTO DE ACCESO ADICIONAL DE SERIE-TÍTULO UNIFORME | |
| Título uniforme | Hojas de la quimera |
| 9 (RLIN) | 224926 |
| 852 ## - LOCALIZACIÓN | |
| Ubicación | ES-MaACL |
| Número de control de estantería | A-12973 |
| itemnumber | 189957 |
| Sublocalización o colección | R.149120 |
| Ubicación en estantería | Depósito 1 |
| Signatura antigua | Olim: N-5973 |
| 942 ## - ELEMENTOS DE ENTRADA SECUNDARIOS (KOHA) | |
| Fuente del sistema de clasificación o colocación | Clasificación decimal universal |
| Tipo de ítem Koha | Libro impreso |
| Estatus retirado | Estado de pérdida | Fuente del sistema de clasificación o colocación | Estado de daño | No para préstamo | Biblioteca de origen | Biblioteca actual | Ubicación en estantería | Fecha de adquisición | Fuente de adquisición | Total de préstamos | Signatura topográfica completa | Código de barras | Visto por última vez | Precio de reemplazo | Tipo de ítem Koha |
|---|---|---|---|---|---|---|---|---|---|---|---|---|---|---|---|
| Clasificación decimal universal | Biblioteca del Ateneo de Madrid | Biblioteca del Ateneo de Madrid | Depósito 1 | 13/01/2014 | Donación | A-12973 | 1192363 | 23/02/2023 | 23/02/2023 | Libro impreso |
